00827nam a22001457a 4500003000900000005001700009008004100026040001300067100002200080245017600102260005900278300001800337490003600355520029000391IT-RoPau20220918181108.0130624b xxu||||| |||| 00| 0 eng d cIT-RoPau aD'amore, Giuseppe aPresenza e azione dello Spirito Santo nella Liturgia ed in particolare nella Celebrazione eucaristicabTesina di licenza in Teologia con specializzazione in Spiritualità aRomabTeresianum. Pont. Istit. di Spiritualitàc1993 a61 pp.c30 cm aPont. Istit. di Spiritualità  aIndice Introduzione Capitolo I - Il movimento cristologico-trinitario dell'economia divina e la liturgia Capitolo II - Azione dello Spirito Santo nella Liturgia Capitolo III - L'eucarestia al centro della vita liturgica Conclusione Liturgia e vita nello Spirito Bibliografia Indice